Encyclopedia of teacher education: (Record no. 17019)

MARC details
000 -LEADER
fixed length control field 00708nam a22002297a 4500
003 - CONTROL NUMBER IDENTIFIER
control field dpl
005 - DATE AND TIME OF LATEST TRANSACTION
control field 20180724172822.0
008 - FIXED-LENGTH DATA ELEMENTS--GENERAL INFORMATION
fixed length control field 081020t xxu||||| |||| 00| 0 eng d
010 ## - LIBRARY OF CONGRESS CONTROL NUMBER
LC control number ENG-84052
020 ## - INTERNATIONAL STANDARD BOOK NUMBER
International Standard Book Number 8131300528
020 ## - INTERNATIONAL STANDARD BOOK NUMBER
Terms of availability 1295.00(set of 2v.) (hb)
035 ## - SYSTEM CONTROL NUMBER
System control number EN-67585, B-216356, B-216361, B-216358, B-216353
040 ## - CATALOGING SOURCE
Transcribing agency 0
082 ## - DEWEY DECIMAL CLASSIFICATION NUMBER
Classification number 370.71
100 ## - MAIN ENTRY--PERSONAL NAME
Personal name Bansal, Harish
245 ## - TITLE STATEMENT
Title Encyclopedia of teacher education:
Remainder of title teacher training concepts /
Statement of responsibility, etc by Harish Bansal
260 ## - PUBLICATION, DISTRIBUTION, ETC. (IMPRINT)
Place of publication, distribution, etc New Delhi
Name of publisher, distributor, etc A P H Publishing
260 ## - PUBLICATION, DISTRIBUTION, ETC. (IMPRINT)
Date of publication, distribution, etc 2007
300 ## - PHYSICAL DESCRIPTION
Extent v.II (ix,285p)
Dimensions 22cm
500 ## - GENERAL NOTE
General note Includes bibliographical references and index
942 ## - ADDED ENTRY ELEMENTS (KOHA)
Source of classification or shelving scheme Dewey Decimal Classification
Koha item type English Books
Classification part 370.71
Call number suffix BAN
Holdings
Withdrawn status Lost status Source of classification or shelving scheme Materials specified (bound volume or other part) Damaged status Not for loan Home library Current library Date acquired Cost, normal purchase price Total Checkouts Full call number Barcode Date last seen Copy number Cost, replacement price Price effective from Koha item type Public note Collection code Source of acquisition Date checked out
    Dewey Decimal Classification v.2   Not For Loan D.B.Act.Division D.B.Act.Division 22/02/2007 1295.00   370.71 BAN EN-67585 21/10/2008 1 1295.00 21/10/2008 English Books v.2      
    Dewey Decimal Classification v.1     Patel Nagar Patel Nagar 24/07/2018 1295.00   370.71 BAN B-216353 24/07/2018   1295.00 24/07/2018 English Books   Non-fiction BPPD/PUB  
    Dewey Decimal Classification       Shahdara Branch Shahdara Branch 31/05/2018 1295.00 1 370.71 BAN B-216356 08/12/2018   1295.00 31/05/2018 English Books   Non-fiction BPPD/PUB 25/11/2018
    Dewey Decimal Classification       Shahdara Branch Shahdara Branch 31/05/2018 1295.00 1 370.71 BAN B-216361 07/10/2019   1295.00 31/05/2018 English Books   Non-fiction BPPD/PUB 26/09/2019

© Delhi Public Library
Hit Counter
free hit counter